Survey on the supervision of animal processing products aground phnom penh city, (ការអង្កេតស្ដីអំពីការត្រួតពិនិត្យផលតិកែច្នៃមានដើមកំណើតពីសត្វ នៅជុំវិញរាជធានីភ្នំពេញ) (Record no. 1695)

000 -LEADER
fixed length control field 00687nam a22001577a 4500
003 - CONTROL NUMBER IDENTIFIER
control field OSt
005 - DATE AND TIME OF LATEST TRANSACTION
control field 20151002154953.0
008 - FIXED-LENGTH DATA ELEMENTS--GENERAL INFORMATION
fixed length control field 151002b xxu||||| |||| 00| 0 eng d
040 ## - CATALOGING SOURCE
Transcribing agency RUA
082 ## - DEWEY DECIMAL CLASSIFICATION NUMBER
Classification number AVM OUN 1995 B069 Or.1
100 ## - MAIN ENTRY--PERSONAL NAME
9 (RLIN) 1794
Personal name OUNG CHAY
245 ## - TITLE STATEMENT
Title Survey on the supervision of animal processing products aground phnom penh city, (ការអង្កេតស្ដីអំពីការត្រួតពិនិត្យផលតិកែច្នៃមានដើមកំណើតពីសត្វ នៅជុំវិញរាជធានីភ្នំពេញ)
260 ## - PUBLICATION, DISTRIBUTION, ETC. (IMPRINT)
Place of publication, distribution, etc. phnom penh
Name of publisher, distributor, etc. RUA
Date of publication, distribution, etc. 1995
300 ## - PHYSICAL DESCRIPTION
Extent 56p.
Other physical details ill.
Dimensions 29cm.
942 ## - ADDED ENTRY ELEMENTS (KOHA)
Source of classification or shelving scheme
Koha item type AVM
Holdings
Price effective from Date last seen Permanent Location Not for loan Date acquired Source of classification or shelving scheme Koha item type Barcode Lost status Damaged status Withdrawn status Current Location Full call number
2015-10-022015-10-02Library Block B 2015-10-02 AVMRUA008262   Library Block BAVM OUN 1995 B069 Or.1
2015-10-022015-10-02Library Block B 2015-10-02 AVMRUA007338   Library Block BAVM OUN 1995 B069 Or.2
2015-10-022015-10-02Library Block B 2015-10-02 AVMRUA007339   Library Block BAVM OUN 1995 B069 Or.1
មជ្ឈមណ្ឌលឯការនៃសាកលវិទ្យាល័យភូមិន្ទកសិកម្មចំការដូង

Powered by Koha